| 000 | 01263nam a2200229Ia 4500 | ||
|---|---|---|---|
| 999 |
_c20830 _d20830 |
||
| 003 | OSt | ||
| 005 | 20211103152545.0 | ||
| 008 | 160316s2001 xxu||||| |||| 00| 0 eng d | ||
| 020 | _a9780406941541 | ||
| 040 | _cN | ||
| 082 |
_a344.041000 _bLEW |
||
| 100 | _aLewis Charles J | ||
| 245 | _aClinical negligence : A practical guide | ||
| 250 | _a5th | ||
| 260 |
_aLondon _bButterworths _c2001 |
||
| 300 |
_a568p _clxi |
||
| 365 | _b Rs.5,606 | ||
| 505 | _aContents: "Introduction: the Changes; Funding; The Structure of the NHS; Suing over Policy Decisions; Procedure: The Initial Complaint; The Inquest; The Medical Records; Experts; Issue of Proceedings; Striking Out; Between Issue and Trial; Cost Issues; Law: Negligence and Duty of Care; The Duty of Care in the Medical Context; The Standard of Care; Loss/Injury: Damage and Causation; Loss/Injury: Foreseeability and Remoteness; Loss/Injury: Nervous Shock; Loss/Injury: Economic loss; Who to Sue; The Proof of Negligence; Consent; The Failed Sterilisation and Similar Mishaps; The Congenital Disabilities Act 1976 Limitation; Human Rights; Strict Liability; Epilogue; Appendices | ||
| 650 | _a1. Medical Personnel - Malpractice - U K | ||
| 700 |
_a _a |
||
| 942 |
_2ddc _cBK |
||